Этос науки

Chi tiết về thư mục
Tác giả của công ty: Российская академия наук (РАН) Институт истории естествознания и техники им. С. И. Вавилова (ИИЕТ)
Tác giả khác: Киященко Л. П. (редактор), Мирская Е. З.
Tóm tắt:Книга представляет собой междисциплинарное исследование, которое посвящено современному статусу научного знания. Ключом к раскрытию этой темы послужила концепция «этоса науки» Р.Мертона, которая, как показано в книге, может и сегодня быть продуктивна при анализе современной трансформации науки. Авторы рассматривают фундаментальные проблемы общекультурного и цивилизационного влияния на положение науки в современном обществе, а также изменение методологии, осознанно сочетающее внутренние и внешние факторы становления научного познания. Для ученых и специалистов гуманитарного профиля, а также для широкого круга читателей, интересующихся проблемами современной науки.
Ngôn ngữ:Tiếng Nga
Được phát hành: Москва, Academia, 2008
Loạt:Коллективная монография: философия и социология науки
Những chủ đề:
Định dạng: Sách
KOHA link:https://koha.lib.tpu.ru/cgi-bin/koha/opac-detail.pl?biblionumber=153169

MARC

LEADER 00000nam0a2200000 4500
001 153169
005 20231101221655.0
010 |a 9785874442804 
035 |a (RuTPU)RU\TPU\book\166172 
090 |a 153169 
100 |a 20090210d2008 k y0rusy50 ca 
101 0 |a rus 
102 |a RU 
105 |a y z 001zy 
200 1 |a Этос науки  |f Российская академия наук (РАН), Институт истории естествознания и техники им. С. И. Вавилова (ИИЕТ) ; под ред. Л. П. Киященко, Е. З. Мирской 
210 |a Москва  |c Academia  |d 2008 
215 |a 536 с. 
225 1 |a Коллективная монография: философия и социология науки 
320 |a Библиография в примечаниях. 
330 |a Книга представляет собой междисциплинарное исследование, которое посвящено современному статусу научного знания. Ключом к раскрытию этой темы послужила концепция «этоса науки» Р.Мертона, которая, как показано в книге, может и сегодня быть продуктивна при анализе современной трансформации науки. Авторы рассматривают фундаментальные проблемы общекультурного и цивилизационного влияния на положение науки в современном обществе, а также изменение методологии, осознанно сочетающее внутренние и внешние факторы становления научного познания. Для ученых и специалистов гуманитарного профиля, а также для широкого круга читателей, интересующихся проблемами современной науки. 
606 1 |a Наука  |x Философские проблемы  |x Методология  |x Логика  |2 stltpush  |3 (RuTPU)RU\TPU\subj\45081  |9 64343 
606 1 |a Наука  |x Философские проблемы  |x Методология  |x Логика  |2 stltpush  |3 (RuTPU)RU\TPU\subj\45081  |9 64343 
610 1 |a этос 
610 1 |a этика 
610 1 |a история 
610 1 |a культурология 
610 1 |a нормы 
610 1 |a научные сообщества 
610 1 |a научное понимание 
610 1 |a казусы 
686 |a Ю25  |v LBC/SL-A  |2 rubbk 
702 1 |a Киященко  |b Л. П.  |4 340 
702 1 |a Мирская  |b Е. З.  |4 340 
712 0 2 |a Российская академия наук (РАН)  |b Институт истории естествознания и техники им. С. И. Вавилова (ИИЕТ)  |c (Москва)  |2 stltpush  |3 (RuTPU)RU\TPU\col\155 
801 1 |a RU  |b 63413507  |c 20090210  |g PSBO 
801 2 |a RU  |b 63413507  |c 20140410  |g RCR 
942 |c BK